Decomiso, incautación y secuestro (Registro nro. 9649)
[ vista simple ]
| 000 -Cabecera | |
|---|---|
| Campo de control de longitud fija | 00735nam a22002777a 4500 |
| 005 - Fecha y hora de la última transacción | |
| Campo de control | 20250819175437.0 |
| 008 - Elementos de longitud fija--Información general | |
| Campo de control de longitud fija | 170719b2015 xxu||||| |||| 00| 0 spa d |
| 020 ## - International Standard Book Number | |
| Número Internacional Estándar del Libro (ISBN) | 9789507433719 |
| 041 ## - Idioma | |
| Código de idioma | Español |
| 082 ## - Clasificación Decimal Dewey | |
| Número de clasificación | 345.05 G182d |
| 100 ## - Entrada principal--Autor personal | |
| Nombre personal | Gálvez Villegas, Tomás Aladino |
| 9 (RLIN) | 43420 |
| 245 ## - Título propiamente dicho | |
| Título | Decomiso, incautación y secuestro |
| 260 ## - Pie de imprenta | |
| Lugar de publicación, distribución, etc. | Argentina |
| 260 ## - Pie de imprenta | |
| Nombre del editor, distribuidor, etc. | Valletta Ediciones |
| 260 ## - Pie de imprenta | |
| Fecha de publicación, distribución, etc. | 2015 |
| 300 ## - Descripción física | |
| Extensión | 332 páginas |
| 490 ## - Serie | |
| Título de la Serie | Investigación Criminal |
| 650 ## - Materia general | |
| Temática (materia general) | DERECHO PENAL |
| 650 ## - Materia general | |
| Temática (materia general) | DECOMISO |
| 650 ## - Materia general | |
| Temática (materia general) | TIPOS DE DECOMISO |
| 650 ## - Materia general | |
| Temática (materia general) | DECOMISO FACULTATIVO |
| 650 ## - Materia general | |
| Temática (materia general) | INCAUTACIÓN DE BIENES |
| 650 ## - Materia general | |
| Temática (materia general) | MEDIDA CAUTELAR |
| 650 ## - Materia general | |
| Temática (materia general) | SECUESTRO DE BIENES |
| 942 ## - Punto de acceso adicional KOHA | |
| Tipo de ítem KOHA | Libro |
| Fuente del sistema de clasificación o colocación | Dewey Decimal Classification |
| Signatura completa | Código de barras | Programa Académico | Tipo de ítem |
|---|---|---|---|
| 345.05 G182d | 22402 | Investigación Criminal | Libro |
| 345.05 G182d | 22403 | Investigación Criminal | Libro |
| 345.05 G182d | 24695 | Investigación Criminal | Libro |